Perdido en Afganistán = Kabuli Kid /

Kaydedildi:
Detaylı Bibliyografya
Yazar: Akram, Barmak (realización)
Diğer Yazarlar: Akram, Barmak (guión) (guión), Fleutot, Laurent (fotógrafo) (fotógrafo), Luze, Hervé de (montaje) (montaje), Haberer, Pierre (montaje) (montaje), Fievet, Elise (montaje) (montaje), Akram, Barmak (música) (música), Gul Aser, Haji (actuación) (actuación), Schatz, Valéry (actuación) (actuación), Glenn, Amélie (actuación) (actuación)
Materyal Türü: Saydam/Asetat
Baskı/Yayın Bilgisi: París, Francia : Fidélité Productions, 2008, c2008
México : Zima Entertainment [distribución], copyright fecha no identificada
Konular:
Etiketler: Etiketle
Etiket eklenmemiş, İlk siz ekleyin!

MARC

LEADER 00000ngm^a2200000^a^4500
001 000326126
005 20250521000000.0
008 121106 20082008
009 20260310113759.266
037 |a Acervo ITESO - Biblioteca 
041 |a OTR 
082 |a 891. 593  |b AKR 
100 |a Akram, Barmak  |e (realización) 
245 1 0 |a Perdido en Afganistán =  |b Kabuli Kid /  |c Realización de B. Akram. 
264 4 |a París, Francia :  |b Fidélité Productions,  |c 2008, c2008 
264 4 |a México :  |b Zima Entertainment [distribución],  |c copyright fecha no identificada 
300 |a 1 DVD regiones 1 y 4  |c (99 min.) 
336 |a imagen móvil bidimensional  |b tdi  |2 rdacontenido 
337 |a video  |b v  |2 rdamedio 
338 |a videodisco  |b vd  |2 rdasoporte 
546 |a En afgano, con subtítulos opcionales: español 
649 |a XX 
650 |a Taxistas en el Cine 
650 |a Bebés en el Cine 
650 |a Opera Prima 
650 |a Cine Afgano -  |y 2000-2009 
650 |a Cine Afgano -  |y Siglo XXI 
650 |a Relaciones Familiares 
650 |a Política -  |z Afganistán -  |x Historia -  |y 2001-2014 
650 |a Política -  |z Afganistán -  |x Historia -  |y Siglo XXI 
650 |a Kabul, Afganistán en el Cine 
700 |a Akram, Barmak  |e (guión) 
700 |a Fleutot, Laurent  |e (fotógrafo) 
700 |a Luze, Hervé de  |e (montaje) 
700 |a Haberer, Pierre  |e (montaje) 
700 |a Fievet, Elise  |e (montaje) 
700 |a Akram, Barmak  |e (música) 
700 |a Gul Aser, Haji  |e (actuación) 
700 |a Schatz, Valéry  |e (actuación) 
700 |a Glenn, Amélie  |e (actuación) 
910 |a Fondo General 
920 |a Audiovisuales - DVDs 
940 |a Películas 
905 |a 302 
901 |a 0500214653  |b IT2  |c DVS  |i C134171  |u 20250521 
902 |a https://opac.biblio.iteso.mx/vufind/Record/000326126